书目信息 |
| 题名: |
中国古塔
|
|
| 作者: | 罗哲文 编著 | |
| 分册: | ||
| 出版信息: | 北京 中国青年出版社 1985 |
|
| 页数: | 322页 | |
| 开本: | 19cm | |
| 丛书名: | 祖国丛书 | |
| 单 册: | ||
| 中图分类: | K928.71 | |
| 科图分类: | ||
| 主题词: | 古建筑--名胜古迹--中国 | |
| 电子资源: | ||
| ISBN: | ||
| 000 | 00675nam2 2200253 45 | |
| 001 | 0185010236 | |
| 005 | 20050425163254.4 | |
| 010 | @dCNY1.80 | |
| 091 | @a12009.77 | |
| 100 | @a19930617d1985 em y0chiy0121 ea | |
| 101 | 0 | @achi |
| 102 | @aCN@b110000 | |
| 105 | @af g 000yy | |
| 200 | 10 | @a中国古塔@Azhong guo gu ta@f罗哲文编著@FLuo Zhe Wen Bian Zhu |
| 210 | @a北京@c中国青年出版社@d1985 | |
| 215 | @a322页@c图@d19cm | |
| 225 | 2 | @a祖国丛书 |
| 410 | 0 | @120010@a祖国丛书 |
| 606 | @a古建筑@x名胜古迹@y中国 | |
| 690 | @aK928.71@v3 | |
| 701 | 0 | @a罗哲文@4编著 |
| 801 | 0 | @aCN@b深圳图书馆@c20040512 |
| 801 | 2 | @aCN@bNLC@c20040512 |
| 905 | @dK928.71@e110@b167285@f1 | |
| 中国古塔/罗哲文编著.-北京:中国青年出版社,1985 |
| 322页:图;19cm.-(祖国丛书) |
| ISBN :CNY1.80 |
| ● |
| 相关链接 |
|
|
|
|
正题名:中国古塔
索取号:K928.71/110
 
预约/预借
| 序号 | 登录号 | 条形码 | 馆藏地/架位号 | 状态 | 备注 |
| 1 | 0167285 | 002001540 | 密集书库/ [索取号:K928.71/110] | 在馆 | |
| 2 | 0167286 | 000081459 | 密集书库/ [索取号:K928.71/110] | 在馆 | |
| 3 | 0167287 | 202091093 | 第二样本阅览室/ [索取号:K928.71/110] | 在馆 | |
| 4 | 0260177 | 000081440 | 密集书库/ [索取号:K928.71/110] | 在馆 | |
| 5 | 0260178 | 000081468 | 密集书库/ [索取号:K928.71/110] | 在馆 |